01625 2200361 4500001002100000005001500021035002000036008004100056041000800097082000800105084001200113100003200125245012200157260005000279300002600329520051100355650002300866990002500889990002500914990002500939990002500964990002500989990002501014990002501039990002501064990002501089990002501114990002501139990002401164990002501188990002501213990002501238INLIS00000000000572420241022094440 a0010-0520005724241022 | 0 ind  aind a342 a342 PAN0 aSekretariat Jenderal MPR RI1 aPanduan dalam Memasyarakatkan Undang-Undang Dasar Negara Republik Indonesia Tahun 1945 /cSekretariat Jenderal MPR RI aJakarta :bSekretariat Jenderal MPR RI,c2003 axvii, 239 p. ;c24 cm aBerkaitan dengan tugas Badan Pekerja MPR untuk melakukan sosialisasi Undang-Undang dasar 1945 dibuatlah buku panduan ini sebagai bahan bagi para nara sumber dalam memasyarakatkan Undang-Undang Dasar 1945. Karena salah satu putusan MPR yang perlu disosialisasikan adalah UUD 1945 yang telah diubah emapt kali dalam suatu rangkaian selama empat kali sidang MPR pada tahun 1999, tahun 2000, 2001 dan 2002. Dan berwujud dalam perubahan pertama, perubahan kedua, perubahan ketiga dan perubahan keempat UUD 1945. 4aAmandemen UUD 1945 a01826/MKRI-P/II-2005 a01828/MKRI-P/II-2005 a01829/MKRI-P/II-2005 a01831/MKRI-P/II-2005 a01834/MKRI-P/II-2005 a01821/MKRI-P/II-2005 a01822/MKRI-P/II-2005 a01823/MKRI-P/II-2005 a01825/MKRI-P/II-2005 a01832/MKRI-P/II-2005 a01833/MKRI-P/II-2005 a05906/MKRI-P/X-2008 a01824/MKRI-P/II-2005 a01827/MKRI-P/II-2005 a01830/MKRI-P/II-2005